Армянская генеалогия = (Record no. 525958)
[ view plain ]
| 000 -LEADER | |
|---|---|
| fixed length control field | 01181nam a22002777a 4500 |
| 001 - CONTROL NUMBER | |
| control field | 1859842 |
| 003 - CONTROL NUMBER IDENTIFIER | |
| control field | AM-YEHGA |
| 005 - DATE AND TIME OF LATEST TRANSACTION | |
| control field | 20250617164552.0 |
| 008 - FIXED-LENGTH DATA ELEMENTS--GENERAL INFORMATION | |
| fixed length control field | 220920s2022 ru |||||||||||||||0|rus|d |
| 020 ## - INTERNATIONAL STANDARD BOOK NUMBER | |
| International Standard Book Number | 9785907169661 |
| 040 ## - CATALOGING SOURCE | |
| Original cataloging agency | AM-YeHGA |
| 041 0# - LANGUAGE CODE | |
| Language code of text/sound track or separate title | rus |
| -- | eng |
| -- | arm |
| 090 ## - LOCALLY ASSIGNED LC-TYPE CALL NUMBER (OCLC); LOCAL CALL NUMBER (RLIN) | |
| -- | 563311 |
| 245 00 - TITLE STATEMENT | |
| Title | Армянская генеалогия = |
| Remainder of title | Armenian genealogy : научный альманах / |
| Statement of responsibility, etc. | Редкол.: Р.М. Абрамян (отв. ред.) и др. |
| 246 13 - VARYING FORM OF TITLE | |
| Title proper/short title | Armenian genealogy |
| 246 13 - VARYING FORM OF TITLE | |
| Title proper/short title | Հայկական ծագումնաբանություն |
| 260 ## - PUBLICATION, DISTRIBUTION, ETC. | |
| Place of publication, distribution, etc. | Москва : |
| -- | Ереван : |
| Name of publisher, distributor, etc. | Старая Басманная, |
| Date of publication, distribution, etc. | 2022- |
| 300 ## - PHYSICAL DESCRIPTION | |
| Extent | том |
| 500 ## - GENERAL NOTE | |
| General note | Данные тит. л. парал. на англ. и арм. яз. |
| 505 10 - FORMATTED CONTENTS NOTE | |
| Miscellaneous information | Т. 1 (2022, 303 с. : ил., цв. ил., портр., табл., факс.) : |
| -- | Т. 2 (2023; 419 с.) |
| 650 14 - SUBJECT ADDED ENTRY--TOPICAL TERM | |
| Topical term or geographic name entry element | Генеология армян |
| 650 14 - SUBJECT ADDED ENTRY--TOPICAL TERM | |
| Topical term or geographic name entry element | Источниковедение |
| 650 14 - SUBJECT ADDED ENTRY--TOPICAL TERM | |
| Topical term or geographic name entry element | История и родословная отдельных семей, родов - Армения |
| 700 1# - ADDED ENTRY--PERSONAL NAME | |
| Personal name | Абрамян, Р.М. |
| Relator term | ред. |
| Relationship | edt |
| 942 ## - ADDED ENTRY ELEMENTS (KOHA) | |
| Source of classification or shelving scheme | Universal Decimal Classification |
| Koha item type | Գրքեր / Books |
| Withdrawn status | Lost status | Source of classification or shelving scheme | Damaged status | Not for loan | Collection | Home library | Current library | Date acquired | Serial enumeration / chronology | Total checkouts | Full call number | Barcode | Date last seen | Price effective from | Koha item type | Public note |
|---|---|---|---|---|---|---|---|---|---|---|---|---|---|---|---|---|
| Universal Decimal Classification | General | Fundamental Scientific Library | Fundamental Scientific Library | 20/09/2022 | Т. 1 | РII/659867 | FL0676929 | 20/09/2022 | 20/09/2022 | Գրքեր / Books | 30 Days Loan | |||||
| Universal Decimal Classification | General | Fundamental Scientific Library | Fundamental Scientific Library | 23/08/2024 | Т. 2 | РII/661957 | FL0685799 | 23/08/2024 | 23/08/2024 | Գրքեր / Books | 30 Days Loan |
ՀՀ Գիտությունների ազգային ակադեմիայի հիմնարար գիտական գրադարան = Fundamental Scientific Library of NAS RA
All site content, except where otherwise noted, is licensed under a